000 00429nam a2200181Ia 4500
003 LK-CoDNM
008 010623t xxu||||| |||| 00| 1 sin d
040 _aLK-CoDNM
_dLK-CoDNM
_eLK-CoDNM
041 _asin
080 _a22 / 28 Ant
100 _aAntanee,D.J.
245 _aජීවනය
246 _aJeevanaya
260 _bSt. Vincent's Press
_aMaggona
300 _b137p., 18 cm
650 _aChristianity
942 _cBK
999 _c138312
_d138312